عرض عادي
عرض مارك
- Animal population density.
مدخل مصطلح موضوعي
001 - رقم الضبط
- حقل الضبط: 10696
003 - معرف رقم الضبط
- حقل الضبط: OSt
005 - تاريخ ووقت أخر عملية
- حقل الضبط: 20120412020736.0
008 - عناصر بيانات ثابتة الطول
- حقل تحكم ثابت الطول: 120412|||a|||||| | ||| d
040 ## - مصدر الفهرسة
- هيئة الفهرسة الأصلية: OSt
- وكالة الكتابة: OSt
150 ## - مدخل-- مصطلح تاريخي
- عنصر مدخل المصطلح الموضوعي او الاسم الجغرافي: Animal population density.
670 ## - بيانات المصدر موجوده
- الاستشهاد بالمصدر: Work cat.: (OSt)0: Ritchie, Mark E., 1960- 10693, Scale, heterogeneity, and the structure and diversity of ecological communities /, c2010.
